Les villes candidates pour l'Eurovision - Statistiques

Statistiques générales
  • Ce quiz a été pris 24 fois
  • Le résultat moyen est 46 sur 88
Statistiques - réponses
Édition Candidates Pays % Correct
2006 ★ Athènes Grèce
100%
2011 Berlin Allemagne
100%
2001 ★ Copenhague Danemark
100%
2007 ★ Helsinki Finlande
100%
2004 ★ Istanbul Turquie
100%
2005 ★ Kiev Ukraine
100%
2009 ★ Moscou Russie
100%
2010 ★ Oslo Norvège
100%
2000 ★ Stockholm Suède
100%
2013 Stockholm Suède
100%
2002 ★ Tallinn Estonie
100%
2012 ★ Bakou Azerbaïdjan
95%
2008 ★ Belgrade Serbie
95%
2014 Copenhague Danemark
95%
2003 ★ Riga Lettonie
95%
2013 ★ Malmö Suède
91%
2015 ★ Vienne Autriche
91%
2017 ★ Kiev Ukraine
86%
2020 ★ Rotterdam Pays-Bas
86%
2021 ★ Rotterdam Pays-Bas
86%
2016 ★ Stockholm Suède
86%
2024 Stockholm Suède
86%
2019 ★ Tel Aviv Israël
86%
2026 ★ Vienne Autriche
86%
2018 ★ Lisbonne Portugal
82%
2011 ★ Düsseldorf Allemagne
77%
2013 Göteborg Suède
77%
2011 Hambourg Allemagne
77%
2024 ★ Malmö Suède
77%
2022 Rome Italie
77%
2022 ★ Turin Italie
77%
2024 Göteborg Suède
73%
2019 Jérusalem Israël
73%
2023 ★ Liverpool Royaume-Uni
73%
2023 Londres Royaume-Uni
73%
2025 ★ Bâle Suisse
68%
2023 ☆ Glasgow Royaume-Uni
68%
2016 Göteborg Suède
68%
2023 Manchester Royaume-Uni
68%
2022 ☆ Milan Italie
68%
2025 Berne Suisse
64%
2025 ☆ Genève Suisse
64%
2015 ☆ Innsbruck Autriche
59%
2017 Lviv Ukraine
59%
2025 Zurich Suisse
59%
2023 Édimbourg Royaume-Uni
55%
2015 Graz Autriche
55%
2026 ☆ Innsbruck Autriche
55%
2017 ☆ Odessa Ukraine
55%
2022 ☆ Bologne Italie
50%
2022 Gênes Italie
45%
2017 Kharkiv Ukraine
45%
2020 Utrecht Pays-Bas
45%
2023 Birmingham Royaume-Uni
41%
2023 Newcastle Royaume-Uni
41%
2023 Belfast Royaume-Uni
36%
2018 Braga Portugal
36%
2020 ☆ Maastricht Pays-Bas
32%
2011 Hanovre Allemagne
27%
2023 Leeds Royaume-Uni
27%
2017 ☆ Dnipro Ukraine
23%
2017 Kherson Ukraine
23%
2022 Sanremo Italie
23%
2023 Sheffield Royaume-Uni
23%
2023 Bristol Royaume-Uni
18%
2015 Klagenfurt Autriche
18%
2022 ☆ Rimini Italie
18%
2023 Aberdeen Royaume-Uni
14%
2020 Arnhem Pays-Bas
9%
2019 Eliat Israël
9%
2016 Linköping Suède
9%
2015 Wels Autriche
9%
2022 Alexandrie Italie
5%
2018 Gondomar Portugal
5%
2014 Herning Danemark
5%
2015 Oberwart Autriche
5%
2022 ☆ Pesaro Italie
5%
2016 Sandviken Suède
5%
2015 ☆ Unterpremstätten Autriche
5%
2022 Acireale Italie
0%
2022 Acréide Italie
0%
2020 Bois-le-duc Pays-Bas
0%
2023 Darlington Royaume-Uni
0%
2014 Horsens Danemark
0%
2016 Örnsköldsvisk Suède
0%
2024 Örnsköldsvisk Suède
0%
2022 Palazzolo Italie
0%
2018 Santa Maria da Feira Portugal
0%
Aucun quiz correspondant
Distribution des résultats
% des personnes avec chaque résultat
Percentile par nombre de réponses
Votre historique - résultats
Vous n’avez pas pris ce quiz